| 000 -LEADER |
| fixed length control field |
00452nam a2200169Ia 4500 |
| 003 - CONTROL NUMBER IDENTIFIER |
| control field |
OSt |
| 005 - DATE AND TIME OF LATEST TRANSACTION |
| control field |
20220316161946.0 |
| 008 - FIXED-LENGTH DATA ELEMENTS--GENERAL INFORMATION |
| fixed length control field |
220308s9999 xx 000 0 und d |
| 020 ## - INTERNATIONAL STANDARD BOOK NUMBER |
| International Standard Book Number |
9781138825284 |
| 082 ## - DEWEY DECIMAL CLASSIFICATION NUMBER |
| Classification number |
363.69 |
| Item number |
AYG |
| 100 ## - MAIN ENTRY--PERSONAL NAME |
| Personal name |
Aygen, Zeynep |
| 245 #0 - TITLE STATEMENT |
| Title |
International heritage and historic building conservation : saving the world's past |
| 260 ## - PUBLICATION, DISTRIBUTION, ETC. (IMPRINT) |
| Name of publisher, distributor, etc |
Routledge; 1st edition |
| 365 ## - TRADE PRICE |
| Price type code |
GBP |
| 365 ## - TRADE PRICE |
| Unit of pricing |
46.99 |
| 942 ## - ADDED ENTRY ELEMENTS (KOHA) |
| Source of classification or shelving scheme |
|